000
00393nam a2200145Ia 4500
008
090124s9999 xx 000 0 und d
082
_b
134710
245
_a
सेकंद सेकंद
250
_a
2
260
_b
पाटील विजया
_c
2006
300
_a
154
630
_a
सेकंद सेकंद
730
_a
सेकंद सेकंद
942
_c
BOOK
999
_c
194062
_d
194062